Strategic military surprise : (Record no. 328766)
[ view plain ]
| 000 -LEADER | |
|---|---|
| fixed length control field | 02575cam a2200397 a 4500 |
| 003 - CONTROL NUMBER IDENTIFIER | |
| control field | Nust |
| 005 - DATE AND TIME OF LATEST TRANSACTION | |
| control field | 20170416163347.0 |
| 008 - FIXED-LENGTH DATA ELEMENTS--GENERAL INFORMATION | |
| fixed length control field | 170216b xxu||||| |||| 00| 0 eng d |
| 020 ## - INTERNATIONAL STANDARD BOOK NUMBER | |
| International Standard Book Number | 0878559124 (pbk.) |
| 040 ## - CATALOGING SOURCE | |
| Transcribing agency | Nust-MCE |
| 082 00 - DEWEY DECIMAL CLASSIFICATION NUMBER | |
| Classification number | 355.4 |
| Author Mark | STR |
| 100 ## - MAIN ENTRY--PERSONAL NAME | |
| Personal name | Klaus Knorr |
| 245 00 - TITLE STATEMENT | |
| Title | Strategic military surprise : |
| Remainder of title | incentives and opportunities / |
| Statement of responsibility, etc. | edited by Klaus Knorr and Patrick Morgan, with contributions by Michael Doyle, Michael Handel, Richard Betts. |
| 260 ## - PUBLICATION, DISTRIBUTION, ETC. | |
| Place of publication, distribution, etc. | New Brunswick, U.S.A. : |
| Name of publisher, distributor, etc. | Transaction Books, |
| Date of publication, distribution, etc. | 1983. |
| 300 ## - PHYSICAL DESCRIPTION | |
| Extent | vi, 265 p. ; |
| Dimensions | 24 cm. |
| 650 #0 - SUBJECT ADDED ENTRY--TOPICAL TERM | |
| Topical term or geographic name entry element | Strategy. |
| 650 #0 - SUBJECT ADDED ENTRY--TOPICAL TERM | |
| Topical term or geographic name entry element | Surprise (Military science) |
| 650 #0 - SUBJECT ADDED ENTRY--TOPICAL TERM | |
| Topical term or geographic name entry element | MCE |
| 700 1# - ADDED ENTRY--PERSONAL NAME | |
| Personal name | Knorr, Klaus, |
| 700 1# - ADDED ENTRY--PERSONAL NAME | |
| Personal name | Morgan, Patrick M., |
| 942 ## - ADDED ENTRY ELEMENTS (KOHA) | |
| Koha item type | Book |
| Source of classification or shelving scheme | |
| Withdrawn status | Lost status | Source of classification or shelving scheme | Damaged status | Not for loan | Collection code | Permanent Location | Current Location | Shelving location | Date acquired | Total Checkouts | Full call number | Barcode | Checked out | Date last seen | Date last checked out | Copy number | Price effective from | Koha item type |
|---|---|---|---|---|---|---|---|---|---|---|---|---|---|---|---|---|---|---|
| Central Library (CL) | Central Library (CL) | Book Cart | 04/16/2017 | 1 | 355.4 STR | CL2068 | 08/10/2018 | 07/11/2018 | 07/11/2018 | 1 | 04/16/2017 | Book |
